Normal view MARC view
  • Usmani, Zeeshan Ul Hassan

Entry Personal Name

Number of records used in: 3

001 - CONTROL NUMBER

  • control field: 7318

003 - CONTROL NUMBER IDENTIFIER

  • control field: NUST

005 - DATE AND TIME OF LATEST TRANSACTION

  • control field: 20171215100643.0

008 - FIXED-LENGTH DATA ELEMENTS

  • fixed length control field: 171215|| aca||aabn | a|a d

040 ## - CATALOGING SOURCE

  • Original cataloging agency: NUST
  • Transcribing agency: NUST

100 ## - HEADING--PERSONAL NAME

  • Personal name: Usmani, Zeeshan Ul Hassan

670 ## - SOURCE DATA FOUND

  • Source citation: Work cat.: (NUST): Usmani, Zeeshan Ul Hassan, Kassak:, 2016
© 2023 Central Library, National University of Sciences and Technology. All Rights Reserved.